<?xml version="1.0" encoding="UTF-8"?>
<record
    xmlns:xsi="http://www.w3.org/2001/XMLSchema-instance"
    xsi:schemaLocation="http://www.loc.gov/MARC21/slim http://www.loc.gov/standards/marcxml/schema/MARC21slim.xsd"
    xmlns="http://www.loc.gov/MARC21/slim">

  <leader>00882nam a22002297a 4500</leader>
  <controlfield tag="005">20240530110429.0</controlfield>
  <controlfield tag="008">150329s2010    su do  g b    000 0 ara d</controlfield>
  <datafield tag="020" ind1=" " ind2=" ">
    <subfield code="a">9789960547466</subfield>
  </datafield>
  <datafield tag="040" ind1=" " ind2=" ">
    <subfield code="a">EG-CaGPL</subfield>
  </datafield>
  <datafield tag="082" ind1="0" ind2="4">
    <subfield code="2">21</subfield>
    <subfield code="a">153.852\</subfield>
    <subfield code="b">&#x633; &#x62A;</subfield>
  </datafield>
  <datafield tag="100" ind1="1" ind2=" ">
    <subfield code="a">&#x633;&#x64A;&#x627;&#x644;&#x62F;&#x64A;&#x646;&#x649; &#x60C; &#x631;&#x648;&#x628;&#x631;&#x62A; &#x628;</subfield>
    <subfield code="q">&#x631;&#x648;&#x628;&#x631;&#x62A; &#x628; . &#x633;&#x64A;&#x627;&#x644;&#x62F;&#x64A;&#x646;&#x64A;</subfield>
  </datafield>
  <datafield tag="245" ind1="1" ind2="2">
    <subfield code="a">&#x627;&#x644;&#x62A;&#x627;&#x62B;&#x64A;&#x631; :</subfield>
    <subfield code="b">&#x639;&#x644;&#x645; &#x646;&#x641;&#x633; &#x627;&#x644;&#x627;&#x642;&#x646;&#x627;&#x639; /</subfield>
    <subfield code="c">&#x631;&#x648;&#x628;&#x631;&#x62A; &#x628; . &#x633;&#x64A;&#x627;&#x644;&#x62F;&#x64A;&#x646;&#x64A; &#x61B; &#x646;&#x642;&#x644;&#x647; &#x627;&#x644;&#x649; &#x627;&#x644;&#x639;&#x631;&#x628;&#x64A;&#x629; &#x633;&#x627;&#x645;&#x631; &#x627;&#x644;&#x627;&#x64A;&#x648;&#x628;&#x649;</subfield>
  </datafield>
  <datafield tag="250" ind1=" " ind2=" ">
    <subfield code="a">&#x637;1</subfield>
  </datafield>
  <datafield tag="260" ind1=" " ind2=" ">
    <subfield code="a">&#x627;&#x644;&#x631;&#x64A;&#x627;&#x636; :</subfield>
    <subfield code="b">&#x645;&#x643;&#x62A;&#x628;&#x629; &#x627;&#x644;&#x639;&#x628;&#x64A;&#x643;&#x627;&#x646; &#x60C;</subfield>
    <subfield code="c">2010</subfield>
  </datafield>
  <datafield tag="300" ind1=" " ind2=" ">
    <subfield code="a">347 &#x635; :</subfield>
    <subfield code="b">&#x627;&#x64A;&#x636; &#x61B;</subfield>
    <subfield code="c">24 &#x633;&#x645;</subfield>
  </datafield>
  <datafield tag="504" ind1=" " ind2=" ">
    <subfield code="a">&#x628;&#x628;&#x644;&#x64A;&#x648;&#x62C;&#x631;&#x627;&#x641;&#x64A;&#x629; : &#x635; 311 - 347</subfield>
  </datafield>
  <datafield tag="650" ind1="0" ind2="4">
    <subfield code="a">&#x639;&#x644;&#x645; &#x646;&#x641;&#x633; &#x627;&#x644;&#x645;&#x644;&#x643;&#x627;&#x62A;</subfield>
  </datafield>
  <datafield tag="650" ind1="0" ind2="4">
    <subfield code="a">&#x627;&#x644;&#x627;&#x642;&#x646;&#x627;&#x639;</subfield>
    <subfield code="x">&#x639;&#x644;&#x645; &#x627;&#x644;&#x646;&#x641;&#x633;</subfield>
  </datafield>
  <datafield tag="700" ind1=" " ind2=" ">
    <subfield code="a">&#x633;&#x627;&#x645;&#x631; &#x627;&#x644;&#x627;&#x64A;&#x648;&#x628;&#x649;</subfield>
    <subfield code="e">&#x645;&#x62A;&#x631;&#x62C;&#x645;</subfield>
  </datafield>
  <datafield tag="942" ind1=" " ind2=" ">
    <subfield code="2">ddc</subfield>
    <subfield code="c">BK</subfield>
  </datafield>
  <datafield tag="999" ind1=" " ind2=" ">
    <subfield code="c">60805</subfield>
    <subfield code="d">60805</subfield>
  </datafield>
  <datafield tag="952" ind1=" " ind2=" ">
    <subfield code="0">0</subfield>
    <subfield code="1">0</subfield>
    <subfield code="4">0</subfield>
    <subfield code="7">0</subfield>
    <subfield code="a">CAI</subfield>
    <subfield code="b">CAI</subfield>
    <subfield code="d">2015-03-29</subfield>
    <subfield code="l">0</subfield>
    <subfield code="o">153.852\ &#x633; &#x62A;</subfield>
    <subfield code="p">159956</subfield>
    <subfield code="r">2015-03-29 00:00:00</subfield>
    <subfield code="w">2015-03-29</subfield>
    <subfield code="y">BK</subfield>
  </datafield>
</record>
